Competencies required by selected de luxe hotels in Metro Manila: basis for an outcomes-based on-the-job training for senior college students. (Record no. 297997)
[ view plain ]
| 000 -LEADER | |
|---|---|
| fixed length control field | 00562nam a2200097Ia 4500 |
| 008 - FIXED-LENGTH DATA ELEMENTS--GENERAL INFORMATION | |
| fixed length control field | 160725s9999 xx 000 0 und d |
| 100 ## - MAIN ENTRY--PERSONAL NAME | |
| Personal name | Carreon, Bob James G., Dado, Desiree C., De Guia, Nancy L., De los Trinos, Chona M., Galindez, Mayme L., Guiterrrez, Myrna T. & Lacuna, Aristheo M. |
| 245 ## - TITLE STATEMENT | |
| Title | Competencies required by selected de luxe hotels in Metro Manila: basis for an outcomes-based on-the-job training for senior college students. |
| 260 ## - PUBLICATION, DISTRIBUTION, ETC. (IMPRINT) | |
| Name of publisher, distributor, etc | Kaizen Research Journal College of Business Administration |
| Date of publication, distribution, etc | January 2014 |
| 650 ## - SUBJECT ADDED ENTRY--TOPICAL TERM | |
| Topical term or geographic name as entry element | BUSINESS ADMINISTRATION |
No items available.